|
|
|
|
| LEADER |
01100nam a22002657a 4500 |
| 001 |
30989 |
| 003 |
BD-DhAAL |
| 005 |
20160526125821.0 |
| 008 |
160526s2012 bg ||||| |||| 00| 0 eng d |
| 020 |
|
|
|a 9789848715109
|
| 040 |
|
|
|a BD-DhAAL
|c BD-DhAAL
|
| 082 |
|
|
|2 23
|a 891.44301089287
|
| 100 |
|
|
|a Rahman, Jharna
|9 19606
|
| 245 |
|
|
|a Dawn of the waning moon /
|c edited by Niaz Zaman
|
| 260 |
|
|
|a Dhaka :
|b Writers Ink,
|c 2012
|
| 300 |
|
|
|a 146 pages ;
|b 24 cm.
|
| 526 |
|
|
|a ENH
|
| 541 |
|
|
|e 30989, 30990.
|
| 650 |
|
|
|a Short stories, Bengali
|x Translations into English.
|9 19607
|
| 700 |
|
|
|a Zaman, Niaz
|9 19608
|
| 852 |
|
|
|a Ayesha Abed Library
|c General Stacks
|
| 942 |
|
|
|2 ddc
|c BK
|
| 999 |
|
|
|c 37573
|d 37573
|
| 952 |
|
|
|0 0
|1 0
|2 ddc
|4 0
|6 891_443010892870000_RAH
|7 0
|9 59055
|a BRACUL
|b BRACUL
|c GEN
|d 2016-05-26
|e Writers Ink.
|g 400.00
|l 4
|m 20
|o 891.44301089287 RAH
|p 3010030989
|r 2024-09-01
|s 2024-07-14
|t 1
|w 2016-05-26
|y BK
|
| 952 |
|
|
|0 0
|1 0
|2 ddc
|4 0
|6 891_443010892870000_RAH
|7 0
|9 59056
|a BRACUL
|b BRACUL
|c GEN
|d 2016-05-26
|e Writers Ink.
|g 400.00
|l 6
|m 52
|o 891.44301089287 RAH
|p 3010030990
|r 2025-05-14
|s 2025-05-08
|t 2
|w 2016-05-26
|y BK
|